¿Qué es la psicología para los estudiantes españoles de educación a distancia (Record no. 125764)

MARC details
000 -CABECERA
campo de control de longitud fija 00601nab a2200193 a 4500
005 - FECHA Y HORA DE LA ÚLTIMA TRANSACCIÓN
campo de control 20240925065045.0
008 - ELEMENTOS DE LONGITUD FIJA--INFORMACIÓN GENERAL
campo de control de longitud fija 991125s1985 mx 000 0 spa u
035 ## - NÚMERO DE CONTROL DEL SISTEMA
Número de control de sistema UPN01000153643
222 ## - TÍTULO CLAVE
Título clave REVISTA LATINOAMERICANA DE PSICOLOGIA
245 ## - MENCIÓN DE TÍTULO
Título ¿Qué es la psicología para los estudiantes españoles de educación a distancia
260 ## - PUBLICACIÓN, DISTRIBUCIÓN, ETC.
Lugar de publicación, distribución, etc. Bogotá, Colombia
300 ## - DESCRIPCIÓN FÍSICA
Extensión 383-396
362 0# - FECHAS DE PUBLICACIÓN Y/O DESIGNACIÓN SECUENCIAL
Fecha de publicación y/o designación secuencial 2006 Vol. 38, no. 2
650 #4 - ASIENTO SECUNDARIO DE MATERIA - TERMINO TEMATICO
Término de materia o nombre geográfico como elemento de entrada Psicología
9 (RLIN) 38
650 #4 - ASIENTO SECUNDARIO DE MATERIA - TERMINO TEMATICO
Término de materia o nombre geográfico como elemento de entrada Educación a distancia
9 (RLIN) 7924
650 #4 - ASIENTO SECUNDARIO DE MATERIA - TERMINO TEMATICO
Término de materia o nombre geográfico como elemento de entrada Estudiantes
9 (RLIN) 13250
700 02 - ASIENTO SECUNDARIO--NOMBRE DE PERSONAL
Nombre de persona GARCIA GARCIA, Andrés, coaut.
905 ## - TIPO DE MATERIAL
Tipo de material Articulo

No items available.